书目信息 |
| 题名: |
包装设计
|
|
| 作者: | 杨仁敏 编著 | |
| 分册: | ||
| 出版信息: | 重庆 西南师范大学出版社 1996.09 |
|
| 页数: | 223页 | |
| 开本: | 16开 | |
| 丛书名: | ||
| 单 册: | ||
| 中图分类: | TB482 | |
| 科图分类: | ||
| 主题词: | 包装 , 包装--工程技术 | |
| 电子资源: | ||
| ISBN: | 7-5621-1552-4 | |
| 000 | 00565nam0 2200205 45 | |
| 001 | 0010040950 | |
| 005 | 20001004090945.8 | |
| 010 | @a7-5621-1552-4@d65.00元 | |
| 100 | @a20001004d1996 km y0chiy0120 ea | |
| 101 | 0 | @achi |
| 105 | @a z 000yy | |
| 200 | 1 | @a包装设计@ABao Zhuang She Ji@f杨仁敏 编著@FYang Ren Min Bian Zhu |
| 210 | @a重庆@c西南师范大学出版社@d1996.09 | |
| 215 | @a223页@d16开 | |
| 606 | 0 | @a包装 |
| 606 | 0 | @a包装@x工程技术 |
| 690 | @aTB482@v3 | |
| 701 | 0 | @a杨仁敏@4编著 |
| 801 | @aCN@bPftUser@c20001004 | |
| 905 | @b164334-336@dTB482@eY537@f3 | |
| 包装设计/杨仁敏 编著.-重庆:西南师范大学出版社,1996.09 |
| 223页;16开 |
| ISBN 7-5621-1552-4:65.00元 |
| ● |
| 相关链接 |
|
|
|
正题名:包装设计
索取号:TB482/Y537
 
预约/预借
| 序号 | 登录号 | 条形码 | 馆藏地/架位号 | 状态 | 备注 |
| 1 | 164334 | 201643347 | 期刊室512/501自科库 17排2列3层/ [索取号:TB482/Y537] | 在馆 | |
| 2 | 164335 | 201643356 | 自科库501/501自科库 17排3列5层/ [索取号:TB482/Y537] | 在馆 | |
| 3 | 164336 | 201643365 | 自科二线400A/400A自科库 32排1列2层/ [索取号:TB482/Y537] | 在馆 |